Gourmet : The Magazine of Good Living : March 1988, vol. XLVIII, num. 3 /

Sábháilte in:
Sonraí bibleagrafaíochta
Rannpháirtithe: Montant, Jane (edición general) (edición general)
Formáid: LEABHAR
Teanga:Béarla
Foilsithe / Cruthaithe: Nueva York, EUA : Condé Nast, 1988, c1988
Clibeanna: Cuir clib leis
Níl clibeanna ann, Bí ar an gcéad duine le clib a chur leis an taifead seo!

MARC

LEADER 00000nam^a2200000^a^4500
001 000589375
005 20250526000000.0
009 20260310132848.134
022 |a 0017-2553 
037 |a Acervo ITESO - Biblioteca 
041 |a ING 
091 |a FCO. 03326 
240 1 1 |a [Gourmet : The Magazine of Good Living] 
245 0 0 |a Gourmet :  |b The Magazine of Good Living : March 1988, vol. XLVIII, num. 3 / 
264 4 |a Nueva York, EUA :  |b Condé Nast,  |c 1988, c1988 
300 |a 193 p. ;  |c 27.5 cm. 
336 |a texto  |b txt  |2 rdacontenido 
337 |a sin mediación  |b n  |2 rdamedio 
338 |a volumen  |b nc  |2 rdasoporte 
649 |a XX 
700 |a Montant, Jane  |e (edición general) 
910 |a Fondo Erich Coufal Kieswetter 
920 |a Impresos - Libros 
930 |a Libros Antiguos y Raros 
905 |a 142 
901 |a 0500414623  |b IT2  |c LRA  |i D  |u 20250526 
902 |a https://opac.biblio.iteso.mx/vufind/Record/000589375